000
00294nam a22001337a 4500
999
_c
55062
_d
55062
008
200205b ||||| |||| 00| 0 eng d
041
_a
eng
080
_2
043.3
_a
043.3
082
_a
043.3
100
_a
0
101
_a
BTH
245
_a
Ndertes Religjioze-Teqe
_c
Sejfijaj,M
942
_2
udc
_c
BK